[Event "Stay Safe Play From Home 194"]
[Site "T#646519Emanuel Laske"]
[Date "2020.06.02"]
[Round "9"]
[White "Aktürk"]
[Black "Edmatuag"]
[Result "0-1"]
[WhiteElo "1470"]
[BlackElo "1663"]
[Annotator "NA RC"]
[PlyCount "70"]
[EventDate "2020.06.02"]
[EventType "swiss (blitz)"]

1. e3 {[%emt 0:00:01]} d6 {[%emt 0:00:01]} 2. Qf3 {[%emt 0:00:00]} g6 {[%emt 0:00:00]} 3. Bc4 {[%emt 0:00:01]} Bg7 {[%emt 0:00:00]} 4. Qxf7+ {[%emt 0:00:01]} Kd7 {[%emt 0:00:01]} 5. Qe6+ {[%emt 0:00:01]} Ke8 {[%emt 0:00:02]} 6. Qf7+ {[%emt 0:00:01]} Kd7 {[%emt 0:00:01]} 7. Be6+ {[%emt 0:00:00]} Kc6 {[%emt 0:00:01]} 8. Qf3+ {[%emt 0:00:00]} Kb6 {[%emt 0:00:01]} 9. Bxc8 {[%emt 0:00:07]} Qxc8 {[%emt 0:00:01]} 10. Qe4 {[%emt 0:00:01]} Qf5 {[%emt 0:00:04]} 11. Qb4+ {[%emt 0:00:03]} Qb5 {[%emt 0:00:02]} 12. Qxb5+ {[%emt 0:00:03]} Kxb5 {[%emt 0:00:01]} 13. Na3+ {[%emt 0:00:01]} Kc6 {[%emt 0:00:01]} 14. Nc4 {[%emt 0:00:01]} b5 {[%emt 0:00:01]} 15. Na5+ {[%emt 0:00:01]} Kb6 {[%emt 0:00:01]} 16. Nb3 {[%emt 0:00:02]} c5 {[%emt 0:00:01]} 17. a4 {[%emt 0:00:01]} bxa4 {[%emt 0:00:03]} 18. Rxa4 {[%emt 0:00:02]} Nc6 {[%emt 0:00:01]} 19. d3 {[%emt 0:00:03]} a5 {[%emt 0:00:02]} 20. Nd2 {[%emt 0:00:01]} Nb4 {[%emt 0:00:01]} 21. Nc4+ {[%emt 0:00:01]} Kb5 {[%emt 0:00:02]} 22. b3 {[%emt 0:00:04]} Nxc2+ {[%emt 0:00:02]} 23. Kd2 {[%emt 0:00:01]} Nb4 {[%emt 0:00:01]} 24. Ne2 {[%emt 0:00:02]} Nh6 {[%emt 0:00:02]} 25. Nc3+ {[%emt 0:00:01]} Kc6 {[%emt 0:00:01]} 26. Nxa5+ {[%emt 0:00:02]} Kc7 {[%emt 0:00:01]} 27. Nb5+ {[%emt 0:00:02]} Kb6 {[%emt 0:00:02]} 28. Nc4+ {[%emt 0:00:03]} Kxb5 {[%emt 0:00:01]} 29. Rxa8 {[%emt 0:00:01]} Rxa8 {[%emt 0:00:01]} 30. Bb2 {[%emt 0:00:03]} Ra2 {[%emt 0:00:00]} 31. Ke2 {[%emt 0:00:04]} Bxb2 {[%emt 0:00:01]} 32. Nxb2 {[%emt 0:00:01]} Rxb2+ {[%emt 0:00:00]} 33. Kf3 {[%emt 0:00:00]} Nxd3 {[%emt 0:00:01]} 34. g4 {[%emt 0:00:02]} Rxf2+ {[%emt 0:00:01]} 35. Kg3 {[%emt 0:00:01]} Re2 {[%emt 0:00:02]} 0-1